000 00505nam a22001937a 4500
005 20251108175511.0
008 250721s2004 xx 000 0 eng d
082 1 4 _aJ/F/KAR
100 1 _aamal, karayanni
_eAuth.
245 1 0 _aFly,Fly Butterfly ! /
264 _bkul -shee publishing,
_c2004.
300 _a[8 p]
650 1 7 _aCHILDREN
650 1 7 _aFICTION
653 _aأطفال مرحلة متوةسطة ( 6 -9 سنوات )
700 1 _aloay, dokbi
942 _2ddc
_cBK
999 _c135602
_d135602